[Event "8th LGA Premium Cup"]
[Site "Nuernberg GER"]
[Date "2011.09.09"]
[Round "2.47"]
[White "Espig,L"]
[Black "Lauterbach,I"]
[Result "1-0"]
[WhiteElo "2346"]
[BlackElo "2063"]

1.Nf3 d5 2.g3 Nf6 3.Bg2 Bf5 4.d3 e6 5.b3 h6 6.Bb2 Be7 7.O-O O-O 8.Nbd2 c5
9.Ne5 Bh7 10.e4 Qc7 11.Qe2 dxe4 12.dxe4 Nbd7 13.Nd3 Rfd8 14.Rad1 Rac8 15.Rfe1 b5
16.e5 Ne8 17.Nb1 c4 18.Nf4 cxb3 19.cxb3 Bb4 20.Rf1 Qb6 21.Rc1 Nf8 22.Be4 Rxc1
23.Rxc1 Bxe4 24.Qxe4 Bc5 25.Nd3 Be7 26.Kf1 a5 27.Ke2 Nd7 28.Qc6 Qb8 29.Nd2 a4
30.bxa4 bxa4 31.Ba1 Qa7 32.Rb1 Nb8 33.Qb7 Qxb7 34.Rxb7 Bf8 35.Ra7 a3 36.Bc3 Nc6
37.Ra4 g5 38.Nb1 h5 39.Nxa3 Bxa3 40.Rxa3 Nc7 41.Ra4 Nb5 42.Rc4 Nxc3+ 43.Rxc3 Nd4+
44.Ke3 g4 45.a4 Nf5+ 46.Kd2 Nd4 47.Rc4 Nf3+ 48.Kc3 Nxh2 49.a5 Ra8 50.Ra4 Nf3
51.a6 Rc8+ 52.Kb4 Nd4 53.a7 Nc6+ 54.Kb5 Nxa7+ 55.Rxa7 Rc3 56.Rd7 Kf8 57.Kb4 Rc2
58.Rd8+ Kg7 59.Kb3 Re2 60.Kc3 Kh6 61.Rb8 Ra2 62.Kd4 Kg7 63.Rb2 Ra4+ 64.Rb4 Ra2
65.Ke4 Kh6 66.Rb7 Ra4+ 67.Ke3 Kg7 68.Nf4 Ra3+ 69.Ke2 Ra5 70.Nxh5+ Kh6 71.Nf6 Rxe5+
72.Kf1 Kg5 73.Rxf7 Kg6 74.Nxg4 Rg5 75.Rf4 Kg7 76.Kg2 Kg6 77.Re4  1-0

[Event "8th LGA Premium Cup"]
[Site "Nuernberg GER"]
[Date "2011.09.09"]
[Round "3.76"]
[White "Lauterbach,I"]
[Black "Pfadenhauer,T"]
[Result "1-0"]
[WhiteElo "2063"]
[BlackElo "1758"]

1.Nf3 d5 2.g3 c6 3.Bg2 Nf6 4.d3 g6 5.O-O Bg7 6.Nbd2 O-O 7.e4 Bg4 8.h3 Bxf3
9.Bxf3 Nbd7 10.Bg2 Qb6 11.c3 Rad8 12.Qc2 dxe4 13.Nxe4 Nxe4 14.dxe4 Ne5 15.Be3 Qc7
16.b3 b6 17.Rad1 c5 18.f4 Nc6 19.e5 Rxd1 20.Rxd1 Rd8 21.Rd5 Rxd5 22.Bxd5 e6
23.Bf3 Ne7 24.Qd3 Nf5 25.Bf2 Bf8 26.g4 Nh6 27.Kg2 Be7 28.Be3 Kg7 29.Qe4 Bd8
30.Qd3 Be7 31.a4 c4 32.bxc4 Bc5 33.Bd2 a5 34.Be1 Ng8 35.Bg3 Nh6 36.Be4 Qc8
37.Bh4 Kf8 38.Bg3 Kg7 39.Be1 Qc7 40.Bh4 Qc8 41.Bf6+ Kg8 42.Bf3 Qc7 43.Qd2 Kf8
44.f5 Ng8 45.Bh8 Ke8 46.fxe6 fxe6 47.Be4 Qd7 48.Qxd7+ Kxd7 49.Kf3 Ke7 50.Bc6 Kf7
51.Bb5 Ke7 52.Bc6 Kf7 53.Be4 Ke7 54.h4 Kf7 55.Bd3 Ke7 56.h5 Kf7 57.Be4 Ne7
58.Bf6 Ng8 59.Bg5 Ne7 60.Bd2 Ng8 61.Kf4 Kg7 62.Kf3 Kf7 63.Bg5 Kg7 64.Bd8 Kf7
65.Bc6 Ne7 66.Bd7 Ng8 67.Kf4 Ne7 68.Bc7 Ng8 69.Bd6 Ne7 70.Bb5 Ng8 71.hxg6+ hxg6
72.Bxc5 bxc5 73.Kg5 Ne7 74.Bd7 Ng8 75.Bc8 Ne7 76.Bb7 Kg7 77.Be4 Kf7 78.Kh6 Kf8
79.Kh7 g5 80.Kh6 Kf7 81.Kxg5 Kg7 82.Kf4 Ng6+ 83.Bxg6 Kxg6 84.Kf3 Kg5 85.Kg3 Kg6
86.Kh4 Kh6 87.g5+ Kg6 88.Kg4 Kh7 89.Kh5 Kg7 90.g6 Kf8 91.Kh6 Kg8 92.g7 Kf7
93.Kh7 Ke7 94.g8=Q Kd7 95.Qf7+ Kd8 96.Kg6 Kc8 97.Kf6 Kb8 98.Kxe6 Ka8 99.Kd6 Kb8
100.Kc6 Ka8 101.Qb7+  1-0

[Event "8th LGA Premium Cup"]
[Site "Nuernberg GER"]
[Date "2011.09.09"]
[Round "3.9"]
[White "Troyke,C"]
[Black "Lobzhanidze,D"]
[Result "1/2-1/2"]
[WhiteElo "2361"]
[BlackElo "2487"]

1.g3 d5 2.Nf3 c6 3.Bg2 Nf6 4.c4 e6 5.b3 Be7 6.O-O O-O 7.Bb2 Nbd7 8.d3 a5
9.a3 b6 10.Nbd2 Bb7 11.Rc1 Bc5 12.Rc2 Qe7 13.Qa1 Rfe8 14.Nd4 Bxd4 15.Bxd4 e5
16.cxd5 Nxd5 17.Bb2 c5 18.Qa2 Qe6 19.Ba1 Ra7 20.Qb2 Qg6 21.Nf3 Ba8  1/2-1/2

[Event "Paignton Ron Bruce Premier"]
[Site "Paignton ENG"]
[Date "2011.09.09"]
[Round "6"]
[White "Hickman,J"]
[Black "French,A"]
[Result "0-1"]
[WhiteElo "1975"]
[BlackElo "2078"]

1.Nf3 d5 2.g3 Nf6 3.Bg2 Bf5 4.O-O e6 5.d3 h6 6.Nbd2 Be7 7.b3 O-O 8.Bb2 a5
9.a4 Na6 10.Ne5 Nc5 11.Qe1 Bh7 12.e4 c6 13.Qe2 Nfd7 14.Nxd7 Nxd7 15.e5 b5
16.Nf3 Qb6 17.Kh1 Rfc8 18.h4 c5 19.axb5 Qxb5 20.Nd2 Nb6 21.c4 Qd7 22.cxd5 Nxd5
23.Be4 Bxe4+ 24.Nxe4 Qb7 25.Rfb1 Rcb8 26.d4 f5 27.exf6 Nxf6 28.f3 Nxe4 29.Qxe4 Qxe4
30.fxe4 Rxb3 31.Ba3 Rxg3 32.Rb7 Bxh4 33.Bxc5 Re3 34.e5 Rd3 35.Rf1 a4 36.Rff7 Rh3+
37.Kg2 Rg3+ 38.Kh2 a3 39.Ra7 Rxa7 40.Rxa7 Rd3 41.Bxa3 Rxd4 42.Ra8+ Kf7 43.Ra7+ Kg8
44.Ra8+ Rd8 45.Ra7 Bg5 46.Bd6 h5 47.Kg2 Re8 48.Kf3 Rc8 49.Kg3 Rc3+ 50.Kg2 h4
51.Bb8 h3+ 52.Kh1 Bf4  0-1

[Event "9th Amantea Open"]
[Site "Amantea ITA"]
[Date "2011.09.10"]
[Round "8"]
[White "Drasko,M"]
[Black "Piscopo,P"]
[Result "1/2-1/2"]
[WhiteElo "2478"]
[BlackElo "2373"]

1.Nf3 d5 2.g3 g6 3.d4 Bg7 4.Bg2 Nf6 5.O-O O-O 6.c4 dxc4 7.Na3 c3 8.bxc3 c5
9.e3 Nc6 10.Bb2 Bf5 11.Nd2 Rc8 12.Re1 Bg4 13.f3 Be6 14.Nb3  1/2-1/2

[Event "2nd Zlatni Rat Open"]
[Site "Bol CRO"]
[Date "2011.09.10"]
[Round "1.18"]
[White "Andreasen,P"]
[Black "Barac,J"]
[Result "1-0"]
[WhiteElo "2245"]
[BlackElo "1677"]

1.Nf3 d5 2.g3 c6 3.Bg2 g6 4.d4 Bg7 5.O-O Nf6 6.c4 Ne4 7.Qb3 O-O 8.Nc3 Qb6
9.cxd5 Qxb3 10.axb3 Nxc3 11.bxc3 cxd5 12.Nd2 e5 13.Bxd5 exd4 14.cxd4 Bxd4
15.Ra4 Bb6 16.Ne4 Nd7 17.Bh6 Rd8 18.Bg5 Re8 19.Nd6 Rxe2 20.Nxf7 Kg7 21.Bh6+ Kf6
22.Rf4+ Ke7 23.Bg5+ Kf8 24.Nd6+ Kg7 25.Rf7+ Kh8 26.Rf8+ Kg7 27.Rg8+  1-0

[Event "CHOM Open A"]
[Site "Montreal CAN"]
[Date "2011.09.10"]
[Round "3.19"]
[White "Auger,Bertrand"]
[Black "Forget,L"]
[Result "1-0"]
[WhiteElo "1948"]
[BlackElo "2073"]

1.Nf3 d5 2.g3 Nf6 3.Bg2 g6 4.c4 Bg7 5.O-O O-O 6.cxd5 Nxd5 7.Nc3 Nb6 8.d3 c6
9.Be3 N8d7 10.Qd2 Re8 11.Bh6 Bh8 12.Bg5 Nc5 13.Rfc1 Ne6 14.Be3 Nd5 15.Nxd5 Qxd5
16.Nd4 Qd6 17.Nb3 Rd8 18.Nc5 Bd4 19.Bxd4 Nxd4 20.Ne4 Qc7 21.e3 Ne6 22.d4 Qb6
23.Qc3 Nc7 24.Qa3 Nd5 25.Rc5 h6 26.Rac1 Be6 27.Nc3 Nxc3 28.R1xc3 Rd7 29.h4 f6
30.Bxc6 Rc7 31.Rb5 Qa6 32.Qxa6 bxa6 33.Rbc5 Rb8 34.Bd5 Bxd5 35.Rxc7 Rxb2
36.a3 Kf7 37.Rc2 Rb1+ 38.Rc1 Rb2 39.Rxa7 Rb6 40.Rac7 h5 41.Kf1 Bf3 42.Ke1 Rb2
43.R7c2 Rb3 44.a4 Ra3 45.Rc4 Ra2 46.R1c2 Ra1+ 47.Kd2 Bd1 48.Rc1 Rxc1 49.Kxc1  1-0

[Event "8th LGA Premium Cup"]
[Site "Nuernberg GER"]
[Date "2011.09.10"]
[Round "4.36"]
[White "Espig,L"]
[Black "Guthmann,P"]
[Result "1/2-1/2"]
[WhiteElo "2346"]
[BlackElo "2186"]

1.Nf3 d5 2.g3 Nf6 3.Bg2 Bf5 4.d3 e6 5.O-O h6 6.b3 Be7 7.Bb2 O-O 8.Nbd2 Bh7
9.Re1 c5 10.Ne5 Nbd7 11.e4 Nxe5 12.Bxe5 Rc8 13.Qe2 b6 14.a4 d4 15.Bxf6 Bxf6
16.e5 Be7 17.Be4 Bxe4 18.Qxe4 Qd7 19.Rf1 Qc6 20.Qxc6 Rxc6 21.Kg2 a6 22.f4 Rd8
23.Kf3 Rd5 24.h4 f5 25.h5 Rd8 26.Ke2 Rf8  1/2-1/2

[Event "8th LGA Premium Cup"]
[Site "Nuernberg GER"]
[Date "2011.09.10"]
[Round "5.55"]
[White "Lange,Ca"]
[Black "Reis,G"]
[Result "1/2-1/2"]
[WhiteElo "2056"]
[BlackElo "2228"]

1.g3 d5 2.Nf3 Nf6 3.Bg2 c6 4.c4 dxc4 5.Qc2 g6 6.Qxc4 Bg7 7.O-O Be6 8.Qc2 Qa5
9.Nc3 Qh5 10.d4 h6 11.Re1 Nbd7 12.e4 Bh3 13.Bh1 Ng4 14.Ne2 g5 15.Bd2 c5 16.Rac1 O-O
17.Bc3 Rac8 18.Qb3 cxd4 19.Nexd4 Nge5 20.Bb4 Bf6 21.Rc2 Nxf3+ 22.Nxf3 g4
23.Nd2 Rxc2 24.Qxc2 Qb5 25.Qc4 Qxc4 26.Nxc4 Rc8 27.b3 b5 28.Ne3 Ne5 29.Rd1 e6
30.f4 gxf3 31.Kf2 Ng4+ 32.Nxg4 Bxg4 33.Bxf3 Rc2+ 34.Rd2 Bd4+ 35.Kg2 Rxd2+
36.Bxd2 Bxf3+  1/2-1/2

[Event "8th LGA Premium Cup"]
[Site "Nuernberg GER"]
[Date "2011.09.10"]
[Round "5.52"]
[White "Lauterbach,I"]
[Black "Hess,C1"]
[Result "0-1"]
[WhiteElo "2063"]
[BlackElo "2228"]

1.Nf3 d5 2.g3 c5 3.Bg2 Nc6 4.d3 Nf6 5.Nbd2 Bg4 6.h3 Bh5 7.O-O e6 8.c3 Be7
9.e4 O-O 10.Qc2 Qc7 11.Re1 Rac8 12.exd5 Nxd5 13.Nb3 Rfd8 14.d4 Bxf3 15.Bxf3 cxd4
16.c4 Ncb4 17.Qe4 Qxc4 18.Nxd4 Nf6 19.Qxb7 Rxd4 20.Qxe7 Rd7 21.b3 Qc3 22.Bb2 Qxe1+  0-1

[Event "ch-Euro Youth b16"]
[Site "Albena BUL"]
[Date "2011.09.11"]
[Round "1.7"]
[White "Gabuzyan,H"]
[Black "Ahvenjarvi,Jani"]
[Result "1-0"]
[WhiteElo "2404"]
[BlackElo "2118"]

1.Nf3 d5 2.g3 c6 3.Bg2 Bg4 4.O-O e6 5.c4 Nd7 6.cxd5 exd5 7.d3 Ngf6 8.Nc3 Be7
9.Qc2 O-O 10.e4 dxe4 11.dxe4 Nb6 12.h3 Be6 13.Rd1 Qc8 14.Kh2 Rd8 15.Nd4 Bc5
16.Nce2 Bc4 17.Be3 Re8 18.Nf4 Bf8 19.Nf5 Be6 20.Nd6 Bxd6 21.Rxd6 Qc7 22.Rad1 Rad8
23.Nxe6 fxe6 24.Bf4 Rxd6 25.Bxd6 Qf7 26.Bc5 Qc7 27.Qb3 Nc8 28.Bd4 Kh8 29.f4 Qe7
30.Bf3 Qc7 31.Qc3 Qf7 32.Qc5 h6 33.Bc3 Qg6 34.Qb4 Qf7 35.Qa5 Kg8 36.Rd2 Kh8
37.Bxf6 Qxf6 38.Qc7 e5 39.Bh5 g6 40.Bg4 exf4 41.gxf4 Nb6 42.Kg3 Rf8 43.Qd6 Qxd6
44.Rxd6 Kg7 45.Be6 a5 46.f5 gxf5 47.exf5 Kf6 48.Kf4 Ke7 49.Rd2 c5 50.Ke5 c4
51.Rd6 c3 52.Rxb6 c2 53.Rxb7+ Kd8 54.Kd6  1-0

[Event "2nd Zlatni Rat Open"]
[Site "Bol CRO"]
[Date "2011.09.11"]
[Round "3.21"]
[White "Jurasin,M"]
[Black "Barac,J"]
[Result "1-0"]
[WhiteElo "2049"]
[BlackElo "1677"]

1.Nf3 d5 2.g3 Nf6 3.Bg2 c6 4.b3 g6 5.Bb2 Bg7 6.d3 b5 7.Nbd2 O-O 8.O-O Nbd7
9.e4 dxe4 10.dxe4 Nc5 11.Re1 Qb6 12.e5 Nd5 13.Bd4 Bf5 14.g4 Bxg4 15.Ne4 Bxe5
16.Nxc5 Bxd4 17.Qxd4 Bc8 18.Nd3 Nf6 19.Qxb6 axb6 20.Nd4 e5 21.Nxc6 Be6 22.Ne7+  1-0

[Event "8th LGA Premium Cup"]
[Site "Nuernberg GER"]
[Date "2011.09.11"]
[Round "6.50"]
[White "Pokrupa,M"]
[Black "Kuenstler,C"]
[Result "1-0"]
[WhiteElo "2222"]
[BlackElo "2068"]

1.Nf3 d5 2.g3 c6 3.Bg2 Bg4 4.c4 e6 5.cxd5 exd5 6.O-O Nf6 7.d3 Nbd7 8.Nc3 Bc5
9.e4 dxe4 10.dxe4 O-O 11.Bf4 Re8 12.Qc2 Bxf3 13.Bxf3 Ne5 14.Bg2 a5 15.Rad1 Qe7
16.Na4 Ba7 17.b3 Red8 18.Rxd8+ Rxd8 19.Qc3 Nd3 20.Qxa5 b5 21.Bc7 Ra8 22.Kh1 bxa4
23.e5 Ne8 24.Bxc6 Nxc7 25.Bxa8 Nxa8 26.Qd5 Nxf2+ 27.Rxf2 Bxf2  1-0

[Event "8th LGA Premium Cup"]
[Site "Nuernberg GER"]
[Date "2011.09.11"]
[Round "6.26"]
[White "Gutman,L"]
[Black "Bartsch,B"]
[Result "1-0"]
[WhiteElo "2450"]
[BlackElo "2264"]

1.Nf3 d5 2.g3 Nf6 3.Bg2 c6 4.O-O Bg4 5.c4 e6 6.Qb3 Qb6 7.d3 Nbd7 8.Be3 Bc5
9.Bxc5 Nxc5 10.Qc2 O-O 11.Nbd2 Ncd7 12.a3 a5 13.b3 h6 14.Rab1 Rfd8 15.Rfe1 Bf5
16.b4 axb4 17.axb4 Ra3 18.b5 Qa7 19.bxc6 bxc6 20.Qb2 Rb8 21.Qd4 c5 22.Qf4 d4
23.Rxb8+ Qxb8 24.Qxb8+ Nxb8 25.Ne5 Nfd7 26.Ndf3 f6 27.Nxd7 Nxd7 28.Nh4 Bg4
29.h3 Bh5 30.f4 Kf8 31.f5 exf5 32.Nxf5 Bg6 33.Be4 Bxf5 34.Bxf5 Ra7 35.Rb1 Ke7
36.Rb5 Rc7 37.Kf2 Ne5 38.Be4 Nf7 39.Bd5 Ng5 40.h4 Nf7 41.Kf3 Nd6 42.Ra5 Nf5
43.Kf4 Ne3 44.Ke4 Kd6 45.Ra6+ Ke7 46.h5 Kd8 47.Ra5 Re7+ 48.Kf3 Rc7 49.Be4 Ke7
50.Ra6 Kd7 51.g4 Ke7 52.Bf5 Kf7 53.Be4 Ke7 54.Kf4 Kd8 55.Ra8+ Ke7 56.Bf3 Kf7
57.Ra5 Ke7 58.Ra6 Kf7 59.Kg3 Ke7 60.Kf2 Kf7 61.Ke1 Ke8 62.Kd2 Re7 63.Ra8+ Kf7
64.Be4 Rc7 65.Bf3 Ke7 66.Ra6 Ke8 67.Kc1 Re7 68.Kb2 Re5 69.Ka3 Rg5 70.Ka4 Nxg4
71.Kb5 Ne5 72.Bd5 Rxh5 73.Kxc5 Rh2 74.Ra8+ Ke7 75.Ra7+ Kf8 76.Kd6 g5 77.c5 Rxe2
78.c6 Nxc6 79.Kxc6 Re3 80.Be4 h5 81.Kd5 h4 82.Ke6 Rg3 83.Kxf6 Ke8 84.Bc6+ Kd8
85.Rd7+  1-0

[Event "8th LGA Premium Cup"]
[Site "Nuernberg GER"]
[Date "2011.09.11"]
[Round "7.55"]
[White "Lange,Ca"]
[Black "Levushkina,E"]
[Result "0-1"]
[WhiteElo "2056"]
[BlackElo "2324"]

1.g3 d5 2.Nf3 Bg4 3.Ne5 Bf5 4.Bg2 c6 5.d4 Nd7 6.Nd2 Ngf6 7.c4 e6 8.b3 Bd6
9.Bb2 O-O 10.O-O h6 11.Rc1 Bc7 12.Nxd7 Qxd7 13.Re1 Rad8 14.f3 Rfe8 15.e4 dxe4
16.fxe4 Bg4 17.Qc2 e5 18.d5 Bh5 19.Nf1 Bg6 20.Qe2 c5 21.Bc3 Nh7 22.g4 Bd6
23.Ng3 Be7 24.Bd2 Bh4 25.Rc3 Nf6 26.h3 a6 27.Rf1 b5 28.Nf5 b4 29.Rcf3 Bg5
30.Bxg5 hxg5 31.Rd3 Bxf5 32.gxf5 a5 33.Qe3 Qd6 34.Qxg5 Kf8 35.Rg3 Ke7 36.Bf3 Rh8
37.Qe3 Rh7 38.Bd1 Rdh8 39.Rf2 Rh4 40.Bg4 Ke8 41.Kf1 Nd7 42.a3 Qb6 43.a4 Qh6
44.Ke2 Qxe3+ 45.Kxe3 Nf6 46.Rfg2 Ke7 47.Kf3 R8h7 48.Ke3 Kf8 49.Kf3 Ke7 50.Ke3 Nxg4+
51.hxg4 Rh1 52.Kf2 Rb1 53.Re3 Rhh1 54.Kg3 Rhc1 55.Rd2 Kd6 56.Kh4 Rg1 57.Rdd3 Rb2
58.Rh3 Rbg2 59.Rdg3 Rxg3 60.Rxg3 Re1 61.Kh3 Rxe4 62.Kg2 Rf4 63.Kg1 e4 64.Kg2 Ke5
65.Kg1 g6 66.fxg6 fxg6 67.Kg2 g5 68.Kh3 Rf6 69.Kg2 Kf4 70.Kf2 Rh6 71.Rg1 Rh2+
72.Rg2 Rh3 73.Ke1 Ke5 74.Rd2 e3 75.Rg2 Ke4 76.Ke2 Rh6 77.Rg1 Rh2+ 78.Kd1 Kd3  0-1

[Event "8th LGA Premium Cup"]
[Site "Nuernberg GER"]
[Date "2011.09.11"]
[Round "7.72"]
[White "Lauterbach,I"]
[Black "Perner,W"]
[Result "1-0"]
[WhiteElo "2063"]
[BlackElo "1847"]

1.Nf3 d5 2.g3 Nf6 3.Bg2 Bg4 4.h3 Bh5 5.d3 c6 6.O-O Nbd7 7.Nbd2 e6 8.b3 Bd6
9.Bb2 O-O 10.Qc1 e5 11.Nh4 Bg6 12.e4 dxe4 13.dxe4 Qe7 14.Nc4 Bc7 15.Ba3 c5
16.Ne3 b5 17.c4 b4 18.Bb2 Nb6 19.Nd5 Nbxd5 20.cxd5 Bd6 21.f4 h6 22.f5 Bh7
23.g4 Nd7 24.Nf3 f6 25.Qc2 a5 26.Rfd1 Rfb8 27.Bf1 Kf8 28.Bc1 Nb6 29.Be3 Bg8
30.h4 Bf7 31.Qg2 Be8 32.Be2 a4 33.g5 hxg5 34.hxg5 Bd7 35.Qh3 Ke8 36.Qh5+ Qf7
37.Qh8+ Qf8 38.Qh7 Kd8 39.Kf2 axb3 40.axb3 Rxa1 41.Rxa1 Ra8 42.Rxa8+ Nxa8
43.g6 Nb6 44.Bh6 Nxd5 45.Bxg7 Qe8 46.exd5 Bxf5 47.Bxf6+ Kc8 48.Ba6+ Kb8 49.Qb7+  1-0

[Event "2nd Zlatni Rat Open"]
[Site "Bol CRO"]
[Date "2011.09.12"]
[Round "4.15"]
[White "Sadilek,P"]
[Black "Bogacov,A"]
[Result "1-0"]
[WhiteElo "2235"]
[BlackElo "2052"]

1.Nf3 d5 2.g3 f5 3.Bg2 Nf6 4.c4 e6 5.O-O Bd6 6.Nc3 c6 7.d3 O-O 8.e4 Nbd7
9.cxd5 cxd5 10.exf5 exf5 11.Ng5 Nb6 12.Qb3 Be5 13.Be3 Kh8 14.Bc5 h6 15.Nf3 Bd6
16.Bxd6 Qxd6 17.Nb5 Qd8 18.a4 Rb8 19.Nxa7 Kh7 20.Nxc8 Nxc8 21.Nd4 Qd7 22.Rfe1 Ne7
23.Re2 Nc6 24.Nxc6 bxc6 25.Qa3 Rfe8 26.Rae1 Rxe2 27.Rxe2 Qb7 28.Bh3 Ng4 29.Qc3 Qb3
30.f3 Qd1+ 31.Qe1 Qxd3 32.fxg4 fxg4 33.Bf1 Qd4+ 34.Qf2 Qxa4 35.Re7 Qb4 36.Qf6 Qxb2
37.Rxg7+  1-0

[Event "WGM Pancevo"]
[Site "Pancevo SRB"]
[Date "2011.09.12"]
[Round "4.2"]
[White "Stojanovic,Andj"]
[Black "Djukic,Sa"]
[Result "1/2-1/2"]
[WhiteElo "2300"]
[BlackElo "2212"]

1.Nf3 d5 2.g3 c6 3.Bg2 Nf6 4.O-O Bf5 5.d3 e6 6.Nbd2 h6 7.Qe1 Bc5 8.e4 Bh7
9.Qe2 O-O 10.e5 Ne8 11.Re1 Nd7 12.Nf1 b5 13.h4 Nc7 14.N1h2 Re8 15.a3 a5 16.Bf4  1/2-1/2

[Event "ch-Nordic Senior"]
[Site "Reykjavik ISL"]
[Date "2011.09.12"]
[Round "3"]
[White "Sorensen,B"]
[Black "Halldorsson,Br"]
[Result "0-1"]
[WhiteElo "2341"]
[BlackElo "2198"]

1.Nf3 d5 2.g3 Nf6 3.Bg2 Bf5 4.d3 e6 5.O-O Be7 6.Nbd2 h6 7.b3 O-O 8.Bb2 Nbd7
9.Kh1 c6 10.Ng1 Qc7 11.e4 dxe4 12.dxe4 Bh7 13.Qe2 Rfd8 14.f4 a5 15.f5 exf5
16.e5 Nd5 17.Nh3 Nf8 18.Rad1 Ne6 19.Nc4 a4 20.Nd6 axb3 21.axb3 Ra2 22.c4 Nc3
23.Qd2 Nxd1 24.Rxd1 Rxb2 25.Qxb2 Bxd6 26.exd6 Rxd6 27.Re1 Qd8 28.Nf4 Rd1
29.Qe2 Rxe1+ 30.Qxe1 Ng5 31.Qa1 Bg6 32.h4 Ne6 33.Nxg6 fxg6 34.Qe5 Qf6 35.Qb8+ Kh7
36.b4 f4 37.gxf4 Qxh4+ 38.Kg1 Qe1+ 39.Kh2 Qxb4  0-1

[Event "Shenzhen WGP 2011"]
[Site "Shenzhen CHN"]
[Date "2011.09.12"]
[Round "5"]
[White "Ju Wenjun"]
[Black "Danielian,E"]
[Result "0-1"]
[WhiteElo "2536"]
[BlackElo "2517"]

1.Nf3 d5 2.g3 Nf6 3.Bg2 c6 4.O-O Bg4 5.c4 e6 6.d3 dxc4 7.dxc4 Qxd1 8.Rxd1 Nbd7
9.Be3 a5 10.Nc3 Bxf3 11.exf3 Bc5 12.Na4 Bxe3 13.fxe3 O-O-O 14.Kf2 Kc7 15.b3 g5
16.h3 h5 17.f4 Rdg8 18.Rd4 Rg6 19.Nc3 Rhg8 20.Ne2 e5 21.fxe5 Nxe5 22.Nc3 Nfd7
23.Ke2 f5 24.Rf1 Rf8 25.Kd1 f4 26.Be4 Rgf6 27.gxf4 gxf4 28.Rxf4 Rxf4 29.exf4 Rxf4
30.Rd2 Nc5 31.Bg2 a4 32.Kc2 axb3+ 33.axb3 Nf3 34.Bxf3 Rxf3 35.b4 Ne6 36.Rd3 Rf4
37.Kb3 Nd4+ 38.Ka4 Nf5 39.c5 Nd4 40.Rg3 Kb8 41.Rd3 h4 42.Nd1 Nc2 43.Rb3 Re4
44.Nc3 Re3 45.Nd1 Rg3 46.Rc3 Nd4 47.Rxg3 hxg3 48.Ne3 Kc7 49.Ng2 Kd7 50.Ka5 Ke6
51.Kb6 Kd5 52.h4 Ke4 53.Kxb7 Kf3 54.h5 Kxg2 55.h6 Kf3 56.h7 g2 57.h8=Q g1=Q
58.Qe5 Qg4 59.Kb6 Qh4 60.Qe8 Qh6 61.Qe1 Qh8 62.Kb7 Qh7+ 63.Kb6 Qd7 64.Qe5 Qd8+
65.Kb7 Qh4 66.Kb6 Qd8+ 67.Kb7 Qd7+ 68.Kb6 Qg4 69.Qe1 Qg5 70.Kb7 Qh6 71.Kb6 Qg7
72.Qe8 Qh7 73.Qe1 Qd3 74.Qh1+ Ke2 75.Qh5+ Kd2 76.Kc7 Kc3 77.Qe5 Kxb4 78.Kc8 Kc4
79.Kc7 Qh7+ 80.Kb6 Qb1+ 81.Kc7 Qb4 82.Qf4 Qa5+ 83.Kb7 Qxc5 84.Qc1+ Kb5 85.Qf1+ Qc4
86.Qf2 c5 87.Kc7 Qd5 88.Qb2+ Nb3 89.Qf6 Kb4 90.Qb6+ Kc3 91.Qf6+ Nd4 92.Qg7 Qc6+
93.Kb8 Qd6+ 94.Kb7 c4  0-1

[Event "ch-Euro Youth b16"]
[Site "Albena BUL"]
[Date "2011.09.13"]
[Round "3.3"]
[White "Gabuzyan,H"]
[Black "Beradze,I"]
[Result "1-0"]
[WhiteElo "2404"]
[BlackElo "2294"]

1.Nf3 d5 2.g3 c6 3.Bg2 Nf6 4.O-O Bg4 5.d4 e6 6.Nbd2 Nbd7 7.Re1 Be7 8.e4 dxe4
9.Nxe4 Nxe4 10.Rxe4 Nf6 11.Re1 O-O 12.c3 c5 13.Qb3 Rb8 14.dxc5 Bxc5 15.Bf4 Bxf3
16.Bxf3 Qd3 17.Kg2 Rbd8 18.Rad1 Qg6 19.Re5 Nd5 20.Bg5 Rd6 21.Be4 Qh5 22.Bxd5 exd5
23.Rdxd5 Rb6 24.Be7 Qg6 25.Bxf8 Rxb3 26.Bxc5 Qc6 27.Kg1 f6 28.Rd6 Qb5 29.Re7 h5
30.Rdd7 Qxc5 31.Rxg7+ Kf8 32.axb3 Qf5 33.Rgf7+ Ke8 34.Rfe7+ Kf8 35.h4 Qb1+
36.Kg2 Qxb2 37.Rxb7 Qc2 38.Rec7  1-0

[Event "ch-Euro Youth g16"]
[Site "Albena BUL"]
[Date "2011.09.14"]
[Round "4.15"]
[White "Tskhadadze,A"]
[Black "Chiarion,E"]
[Result "0-1"]
[WhiteElo "1806"]
[BlackElo "2012"]

1.Nf3 d5 2.g3 c6 3.Bg2 Nf6 4.O-O Bg4 5.d4 e6 6.Ne5 Bf5 7.Nd2 Be7 8.Ndf3 h6
9.h3 Nbd7 10.c3 Bh7 11.Be3 O-O 12.g4 Nxe5 13.Nxe5 Ne4 14.f3 Nd6 15.Bf2 Rc8
16.b3 b6 17.a4 c5 18.dxc5 bxc5 19.b4 Bf6 20.bxc5 Bxe5 21.cxd6 Bxc3 22.Rc1 Qxd6
23.Bxa7 d4 24.Qb3 Ra8 25.Rfd1 Qe5 26.Qb6 Qxe2 27.Qc7 Bd2 28.Ra1 Bc2 29.Rf1 d3
30.Kh1 Be3 31.Bxe3 Qxe3 32.a5 Rac8 33.Qb7 d2 34.a6 Ra8 35.f4 Ra7 36.Qc6 d1=Q
37.Raxd1 Bxd1 38.Rxd1 Qe2 39.Rd6 Rb8 40.Qa4 Rb1+ 41.Kh2 Rb2 42.Rd8+ Kh7 43.Qc6 Rxa6  0-1

[Event "10th Istanbul Open A"]
[Site "Istanbul TUR"]
[Date "2011.09.14"]
[Round "4"]
[White "Darban,M"]
[Black "Citak,S"]
[Result "0-1"]
[WhiteElo "2349"]
[BlackElo "2351"]

1.g3 d5 2.Nf3 Nf6 3.Bg2 c5 4.O-O Nc6 5.d4 e6 6.b3 cxd4 7.Nxd4 Bc5 8.Bb2 O-O
9.Nxc6 bxc6 10.Nc3 e5 11.Na4 Bd6 12.c4 Be6 13.cxd5 cxd5 14.Rc1 Qe7 15.e3 Rac8
16.Qd3 Rfd8 17.Rfd1 Bg4 18.Rxc8 Rxc8 19.Rd2 Bb4 20.Rc2 Rd8 21.h3 Bh5 22.f4 exf4
23.gxf4 Re8 24.Bd4 Ne4 25.Qb5 Rd8 26.Nc5 Bxc5 27.Bxc5 Qh4 28.Qa5 Bd1 29.Rc1 Bf3
30.Rc2 Bxg2 31.Rxg2 Nxc5 32.Qxc5 Qxh3 33.Qd4 g6 34.Rc2 Re8 35.Rc3 Qg3+ 36.Kf1 Qf3+
37.Ke1 Qh1+ 38.Kf2 Qh2+ 39.Kf3 Qxa2 40.Qxd5 Qa1 41.Qd4 Qf1+ 42.Kg3 h5 43.Rd3 Qg1+
44.Kh3 Qg4+ 45.Kh2 Rc8 46.Qb2 Qf5 47.Qd2 Kh7 48.Qe2 Qe4 49.Qd2 Re8 50.Kg3 Qh1
51.Rd7 Kg8 52.Qf2 Rc8 53.f5 g5 54.Rd2 Rc1 55.Qh2 Rg1+ 56.Kh3 Qf3+  0-1

[Event "5th ch-Euro IBCA"]
[Site "Rhodes GRE"]
[Date "2011.09.14"]
[Round "8.26"]
[White "Lapadatu,Teodor"]
[Black "Boer,Jan"]
[Result "1/2-1/2"]
[WhiteElo "1926"]
[BlackElo "1731"]

1.Nf3 d5 2.g3 c6 3.Bg2 Nf6 4.d4 Bf5 5.O-O e6 6.c3 h6 7.Nbd2 Bd6 8.Re1 O-O
9.Nh4 Bh7 10.e4 dxe4 11.Nxe4 Nxe4 12.Bxe4  1/2-1/2

[Event "2nd Zlatni Rat Open"]
[Site "Bol CRO"]
[Date "2011.09.15"]
[Round "7.6"]
[White "Saric,A"]
[Black "Tratar,M"]
[Result "1/2-1/2"]
[WhiteElo "2489"]
[BlackElo "2477"]

1.Nf3 d5 2.g3 c6 3.Bg2 Bg4 4.O-O Nd7 5.d4 e6 6.Nbd2 Ngf6 7.Re1 Be7 8.c3 O-O
9.e4 dxe4 10.Nxe4 Nxe4 11.Rxe4 Bxf3 12.Qxf3 Bg5 13.h4 Bxc1 14.Rxc1  1/2-1/2

[Event "10th Istanbul Open A"]
[Site "Istanbul TUR"]
[Date "2011.09.16"]
[Round "6"]
[White "Romanishin,O"]
[Black "Nasri,A"]
[Result "1/2-1/2"]
[WhiteElo "2537"]
[BlackElo "2283"]

1.Nf3 d5 2.g3 Nf6 3.Bg2 e6 4.O-O Be7 5.c4 O-O 6.d4 dxc4 7.Na3 Bxa3 8.bxa3 Bd7
9.Qc2 Bc6 10.Qxc4 Nbd7 11.Bf4 Rc8 12.Rfc1 Bd5 13.Qa4 a6 14.Be3 h6 15.h3 Re8
16.Qa5 Be4 17.a4 Nd5 18.Qd2 b6 19.Ne1 Bxg2 20.Nxg2 Nxe3 21.Nxe3 c5 22.Nc4 Nf6
23.dxc5 Qxd2 24.Nxd2 Rxc5 25.Nb3 Re5 26.e3 Re4 27.a5 bxa5 28.Nxa5 Ra4 29.Nc6 Nd5
30.Rc2 Rc8 31.Rac1 Kh7 32.Ne5 Rxc2 33.Rxc2 f6 34.Nc6 Nb4 35.Rc4 a5 36.Nxb4 axb4
37.Rc2 Kg6 38.h4 Kf5 39.Rc4 h5 40.Kg2 g5 41.hxg5 Kxg5 42.a3 Rxa3 43.Rxb4 Ra5
44.Rb6 e5 45.Kh3 e4 46.Rb4 Ra2 47.Kg2 f5 48.Rb8  1/2-1/2

[Event "WGM Pancevo"]
[Site "Pancevo SRB"]
[Date "2011.09.16"]
[Round "8.3"]
[White "Vojinovic,J"]
[Black "Djukic,Sa"]
[Result "1-0"]
[WhiteElo "2299"]
[BlackElo "2212"]

1.Nf3 d5 2.g3 Nc6 3.d4 Bf5 4.Bg2 Nb4 5.Na3 h6 6.c3 Na6 7.Qb3 Rb8 8.Ne5 c6
9.g4 Bc8 10.Bf4 Ra8 11.c4 e6 12.c5 g5 13.Bg3 Qa5+ 14.Kf1 Qb4 15.Nc2 Qxb3
16.axb3 Ne7 17.h4 f6 18.Nd3 Bg7 19.b4 gxh4 20.Rxh4 Ng6 21.Rh2 e5 22.e4 Bxg4
23.exd5 cxd5 24.Bxd5 Kd7 25.Bxb7 Nc7 26.Ne3 Be6 27.d5 Bf7 28.c6+ Kd6 29.Nf5+  1-0

[Event "11th Josipa Ipavca Mem"]
[Site "Sentjur SLO"]
[Date "2011.09.16"]
[Round "3.6"]
[White "Drasko,M"]
[Black "Vukmirovic,D"]
[Result "1-0"]
[WhiteElo "2478"]
[BlackElo "2085"]

1.Nf3 d5 2.g3 Bf5 3.Bg2 Nc6 4.d4 Qd7 5.c4 dxc4 6.d5 Nb4 7.Ne5 Bc2 8.Nxd7 Bxd1
9.Kxd1 Kxd7 10.a3 Na6 11.Nd2 Rd8 12.Nxc4 e6 13.Kc2 Kc8 14.Ne5  1-0

[Event "10th Istanbul Open A"]
[Site "Istanbul TUR"]
[Date "2011.09.17"]
[Round "8"]
[White "Romanishin,O"]
[Black "Darban,M"]
[Result "1-0"]
[WhiteElo "2537"]
[BlackElo "2349"]

1.Nf3 d5 2.g3 c6 3.Bg2 Bg4 4.c4 e6 5.Ne5 Bf5 6.cxd5 exd5 7.d4 Nd7 8.O-O Bd6
9.Bf4 Qe7 10.Qb3 Nb6 11.a4 f6 12.Nd3 Bxd3 13.Bxd6 Qxd6 14.Qxd3 a5 15.e4 dxe4
16.Qxe4+ Ne7 17.Re1 Nd5 18.Nc3 O-O 19.Qe2 Qd7 20.Qc4 Kh8 21.Nxd5 Nxd5 22.Bxd5 cxd5
23.Qb5 Qxb5 24.axb5 h6 25.Re7 Rfc8 26.Rxb7 Rc4 27.b6 Rxd4 28.Rc7 Rc4 29.b3 Rb4
30.b7 Rg8 31.Rxa5 Kh7 32.Rxd5 Rxb3 33.h4 Rb8 34.Rdd7 Rg8 35.h5 Rb5 36.Kg2 Rb6
37.g4 Rb3 38.f3 Rb5 39.Rf7 Rb6 40.Kg3 Kh8 41.Rc8 Kh7 42.Rxg8 Kxg8 43.Rc7  1-0

[Event "TCh-FIN SM-Liiga 2011-12"]
[Site "Joensuu FIN"]
[Date "2011.09.17"]
[Round "1.1"]
[White "Novik,Ma"]
[Black "Kiuttu,R"]
[Result "1/2-1/2"]
[WhiteElo "2462"]
[BlackElo "2303"]

1.Nf3 d5 2.g3 Nf6 3.Bg2 e6 4.O-O Be7 5.d3 O-O 6.Nbd2 c5 7.e4 Nc6 8.Re1 b5
9.e5 Nd7 10.Nf1 a5 11.h4 b4 12.Bg5 a4 13.a3 bxa3 14.bxa3 Ba6 15.Qd2 Rb8 16.N1h2 Re8
17.Bxe7 Qxe7 18.h5 h6 19.Ng4 Rb2 20.Reb1 Reb8 21.Rxb2 Rxb2 22.Qc1 Rb8 23.Qf4 Rb2
24.Qxa4 Bb5 25.Qa8+ Kh7 26.Qb7 Qd8 27.a4 Na5 28.Qxb5 Rxb5 29.axb5 Qb6 30.Rb1 c4
31.Bf1 Qc5 32.Ne3 Kg8 33.dxc4 Nxc4 34.Nxc4 dxc4 35.c3 Nb6 36.Rb4 Kf8 37.Nd4 Qxe5
38.Bxc4 Qe1+ 39.Bf1 Qxc3 40.Nc6 e5 41.Re4 f6 42.Re3 Qc5 43.Re1 Kf7 44.Nd8+ Ke7
45.Nc6+ Kf7 46.Nd8+  1/2-1/2